Investície do rekvalifikácií sa vlani zvýšili tristonásobne

V r. 2001 odštartovali úrady práce rekvalifikačný boom. Do rekvalifikačného programu Národného úradu práce (NÚP) sa zapojil rekordný počet nezamestnaných. Dôležitá je efektívnosť rekvalifikácií. Štruktúra úradov práce by mala byť iná. Výdavky NÚP. Náklady na rekvalifikačné kurzy. Evidovaní nezamestn...

ver descrição completa

Na minha lista:
Detalhes bibliográficos
Autor principal: Reiselová, Eva
Formato: Capítulo de Livro
Idioma:eslovaco
Assuntos:
Tags: Adicionar Tag
Sem tags, seja o primeiro a adicionar uma tag!

MARC

LEADER 00000naa a2200000 4500
001 r045816
005 20230921114045.6
041 0 |a slo 
044 |a SK 
245 1 0 |a Investície do rekvalifikácií sa vlani zvýšili tristonásobne  |c Eva Reiselová 
520 |a V r. 2001 odštartovali úrady práce rekvalifikačný boom. Do rekvalifikačného programu Národného úradu práce (NÚP) sa zapojil rekordný počet nezamestnaných. Dôležitá je efektívnosť rekvalifikácií. Štruktúra úradov práce by mala byť iná. Výdavky NÚP. Náklady na rekvalifikačné kurzy. Evidovaní nezamestnaní zapojení do programov NÚP. 
610 2 0 |a rekvalifikácia 
610 2 0 |a výdavky 
610 2 0 |a náklady 
610 2 0 |a efektívnosť 
610 2 0 |a nezamestnanosť 
610 2 0 |a úrady práce 
610 2 0 |a Národný úrad práce Bratislava 
610 2 0 |a 2001 
100 1 |a Reiselová, Eva